| 000 | 01914nam a2200277 a 4500 | ||
|---|---|---|---|
| 001 | 000085537 | ||
| 005 | 20200120224917.0 | ||
| 008 | 161121s2017 ck ||||e n||| 001 fdspa d | ||
| 020 | _a9789585428034 | ||
| 020 | _a9789585496064 | ||
| 041 | 0 | _aspa | |
| 043 | _as-ck--- | ||
| 090 |
_aAN _bFERDAvi |
||
| 100 | 1 | _aFerreira, Daniel | |
| 245 | 1 | 0 |
_aViaje al interior de una gota de sangre / _cDaniel Ferreira. |
| 250 | _a1a. ed. | ||
| 260 |
_aBogotá : _bPenguin Random House Grupo Editorial, _c2017. |
||
| 300 | _a134 páginas. | ||
| 490 | 0 | _aAlfaguara | |
| 520 | _a"Primer libro sobre una pentalogía sobre la violencia en Colombia de Daniel Ferreira, premio Clarín 2014. Un pequeño pueblo se prepara para elegir a su reina de belleza durante la celebración de las fiestas anuales, cuando un grupo de encapuchados armados irrumpe en una camioneta y les dispara a todos los asistentes a la celebración. A través de un coro compuesto por las voces de los muertos y perfectamente orquestado por el autor, el lector podrá reconstruir el horror y la injusticia de una de las múltiples masacres perpetuadas por el paramilitarismo en los pequeños pueblos de Colombia. La crítica ha dicho "Viaje al interior de una gota de sangre es un muro de la infamia pintado en una iglesia por un artista de pueblo. El muro es una denuncia pública de las matanzas que vive la región. Cuando los encapuchados lleguen a masacrar a la población, la historia dibujada se convertirá en la historia del libro. Es un gran fresco del que se extraen a primeros planos las vidas hipotéticas de quienes van a morir en una masacre". Fernando Araújo Vélez, El Espectador " | ||
| 650 | 1 | 7 |
_aNovela colombiana _xAspectos sociales _2LEMB |
| 650 | 2 | 7 |
_aLiteratura colombiana _2LEMB |
| 650 | 2 | 7 |
_aInvasiones en la literatuara _2LEMB |
| 650 | 2 | 7 |
_aCampesinos en la literatuara _2LEMB |
| 650 | 2 | 7 |
_aViolencia en la literatuara _2LEMB |
| 999 |
_c11692 _d11692 |
||